|
|
|
|
| LEADER |
01364nam a22003618i 4500 |
| 001 |
34397 |
| 003 |
BD-DhAAL |
| 005 |
20211207124221.0 |
| 008 |
190325t2018 nyua b 001 0 eng |
| 999 |
|
|
|c 40537
|d 40537
|
| 010 |
|
|
|a 2017017646
|
| 020 |
|
|
|a 9781138295414 (pbk.)
|
| 020 |
|
|
|a 9781138107175 (hardback)
|
| 040 |
|
|
|a DLC
|b eng
|e rda
|c DLC
|d BD-DhAAL
|
| 042 |
|
|
|a pcc
|
| 050 |
0 |
0 |
|a JV6225
|b .I465 2017
|
| 082 |
0 |
0 |
|a 305.8
|2 23
|
| 245 |
0 |
0 |
|a Immigration and categorical inequality :
|b migration to the city and the birth of race and ethnicity /
|c edited by Ernesto Castañeda.
|
| 260 |
|
|
|a New York, NY :
|b Routledge,
|c c2018
|
| 300 |
|
|
|a x, 203 pages :
|b illustrations ;
|c 23 cm
|
| 504 |
|
|
|a Includes bibliographical references and index.
|
| 526 |
|
|
|a ESS
|
| 541 |
|
|
|a Parama
|e 34397
|
| 650 |
|
0 |
|a Emigration and immigration
|x Social aspects.
|9 30563
|
| 650 |
|
0 |
|a Equality.
|9 30564
|
| 650 |
|
0 |
|a Immigrants
|x Social conditions.
|9 30565
|
| 650 |
|
0 |
|a Urban minorities
|x Social conditions.
|9 30566
|
| 650 |
|
0 |
|a Sociology, Urban.
|9 30567
|
| 650 |
|
0 |
|a Economics.
|9 43524
|
| 700 |
1 |
|
|a Castañeda, Ernesto
|9 30568
|
| 852 |
|
|
|a Ayesha Abed Library
|c General Stacks
|
| 942 |
|
|
|2 ddc
|c BK
|
| 952 |
|
|
|0 0
|1 0
|2 ddc
|4 0
|6 305_800000000000000_IMM
|7 0
|9 65155
|a BRACUL
|b BRACUL
|c GEN
|d 2019-02-26
|e Parama
|g 1987.29
|l 0
|o 305.8 IMM
|p 3010034397
|r 2019-02-26
|t 1
|v 1987.29
|w 2019-02-26
|y BK
|